000 00757nam a2200205 i 4500
001 129974
003 ES-MaACL
005 20230906193621.0
007 t|
008 070712m18761880sp ||||1| spa d
080 _a343.712.1(460.35)(091)
100 1 _aZugasti, Julián de.
_9118433
245 1 3 _aEl bandolerismo
_b: estudio social y memorias históricas /
_cJulián de Zugasti.
260 _aMadrid :
_bFortanet,
_c1876-1880.
300 _a10 v. ;
_c18 cm.
530 _aDisponible también en sitio web.
650 4 _aBandolerismo-
_zEspaña.
_9148254
852 _aES-MaACL
_jR-2892-900
_x Olim:D-3517-25
856 _uhttp://bibliotecadigitalhispanica.bne.es:80/webclient/DeliveryManager?pid=1864774&custom_att_2=simple_viewer
_zIr a la página
999 _c129974
_d129974